000 00963nam a2200205Ia 4500
003 OSt
005 20241029100639.0
007 ca aa aaaaa
008 201103s9999 xx 000 0 und d
040 _cSSBUL
041 _abur
082 _223
_a၂၉၄.၃၄၄၃ မြင့်
_b၁၃၁၀၉ S-SAT
100 0 _aမြင့်ဆွေ၊ ဦး။
_95960
245 1 0 _aမိုးကုတ်ဝိပဿနာဒုလ္လဘဒေသနာ‌ဟောစဉ်-ကျင့်စဉ်'သစ္စာလေးပါးတရားတော်များ'၊ ဆဋ္ဌမတွဲ /
_cမြင့်ဆွေ။
260 _aရန်ကုန် ၊
_bမိဘဂုဏ်ပိဋကတ်ပုံနှိပ်တိုက်၊
_c၁၉၆၃။
300 _aစ၊၂၇၆ စာမျက်နှာ ၊
_c၁၉ စင်တီ။
500 _aS-SAT: Dr. Sai Aung Tun
650 _aဝိပဿနာ
942 _2ddc
_cBK1
999 _c40994
_d40994